[Event "2. CLANSKA LIGA ZAHOD 2014"]
[Site "Ljubljana"]
[Date "2014.10.17"]
[Round "1.6"]
[White "Hozjan, Erik"]
[Black "Drobnic, Simona"]
[Result "1-0"]
[WhiteElo "1848"]
[BlackElo "1427"]
[PlyCount "135"]
[EventDate "2014.10.17"]
[WhiteTeam "SD POSOCJE"]
[BlackTeam "SK LOSKA DOLINA"]

1. e4 d6 2. d4 Nf6 3. Nc3 g6 4. Be2 Bg7 5. Be3 O-O 6. h4 e5 7. Qd2 exd4 8. Bxd4
Nc6 9. Be3 Be6 10. Bh6 d5 11. exd5 Nxd5 12. Bxg7 Kxg7 13. O-O-O Nf6 14. Qf4 Qe7
15. Bf3 Rad8 16. Nge2 Rxd1+ 17. Rxd1 Rd8 18. Nd4 Nxd4 19. Rxd4 c6 20. Qe5 Kg8
21. Rf4 Nd7 22. Qa5 Nb6 23. Qe5 Qd6 24. Qxd6 Rxd6 25. Ne4 Rd8 26. Nc5 Bc8 27.
c4 Rd6 28. Ne4 Rd8 29. Nf6+ Kg7 30. g4 Nxc4 31. g5 Ne5 32. Be2 Bf5 33. Ra4 a6
34. Ra3 Nd7 35. Ng4 Bxg4 36. Bxg4 Ne5 37. Be2 Rd4 38. h5 gxh5 39. Bxh5 Nd3+ 40.
Kc2 Nxf2 41. Rf3 Ne4 42. Rxf7+ Kg8 43. Rxb7 Nxg5 44. Ra7 Ra4 45. a3 Ne4 46.
Bf7+ Kh8 47. Be8 Ra5 48. Kb3 Rb5+ 49. Ka2 Rb6 50. Bh5 Nf6 51. Be2 h5 52. Rxa6
Rxa6 53. Bxa6 Nd7 54. Bf1 h4 55. a4 Nb8 56. Bg2 Kg7 57. Kb3 Kf8 58. Kc4 Ke8 59.
Kc5 Kd8 60. Kb6 Kc8 61. Bh3+ Kd8 62. a5 Ke7 63. Kc7 Na6+ 64. Kxc6 Nb4+ 65. Kb5
Nd5 66. a6 Nc7+ 67. Ka5 Nxa6 68. Kxa6 1-0

[Event "2. CLANSKA LIGA ZAHOD 2014"]
[Site "Ljubljana"]
[Date "2014.10.17"]
[Round "1.1"]
[White "Plenca, Julijan"]
[Black "Anakiev, Dimitar"]
[Result "1-0"]
[WhiteElo "2369"]
[BlackElo "2042"]
[PlyCount "45"]
[EventDate "2014.10.17"]
[WhiteTeam "SD STARI TRG PRI KOLPI"]
[BlackTeam "SD RADOVLJICA"]

1. e4 d5 2. exd5 Qxd5 3. Nc3 Qd8 4. d4 Nf6 5. Bg5 Bf5 6. Qf3 Qc8 7. Bb5+ c6 8.
Ba4 Bg4 9. Qe3 Qe6 10. h3 Qxe3+ 11. fxe3 Bd7 12. Bb3 Na6 13. O-O-O Nc7 14. e4
h6 15. Bf4 Ne6 16. Be3 Nd8 17. Nf3 g6 18. Ne5 Bg7 19. Rhf1 Bc8 20. a4 a5 21.
Bg1 e6 22. Nc4 O-O 23. Nb6 1-0

[Event "2. CLANSKA LIGA ZAHOD 2014"]
[Site "Ljubljana"]
[Date "2014.10.17"]
[Round "1.2"]
[White "Jovan, Romuald"]
[Black "Juranic, Bruno"]
[Result "1/2-1/2"]
[WhiteElo "1897"]
[BlackElo "2170"]
[PlyCount "87"]
[EventDate "2014.10.17"]
[WhiteTeam "SD RADOVLJICA"]
[BlackTeam "SD STARI TRG PRI KOLPI"]

1. d4 d5 2. c4 Nc6 3. Nf3 e5 4. dxe5 d4 5. g3 Be6 6. Nbd2 Bb4 7. Qc2 Nge7 8. a3
Bxd2+ 9. Bxd2 Bf5 10. Qb3 Be4 11. Bg2 Nxe5 12. O-O Nxf3+ 13. exf3 Bc6 14. Rfe1
O-O 15. Bb4 Re8 16. Rad1 Nf5 17. Qd3 Qf6 18. Bh3 Nd6 19. Bg2 Nf5 20. Bd2 Rad8
21. Rxe8+ Rxe8 22. b4 b6 23. b5 Bb7 24. a4 h6 25. h4 a6 26. Bf4 Nxh4 27. Qxd4
Re1+ 28. Kh2 Qxd4 29. Rxd4 Nxf3+ 30. Bxf3 Bxf3 31. g4 axb5 32. axb5 Re7 33. Kg3
Bb7 34. Rd8+ Kh7 35. Rb8 Be4 36. f3 Bd3 37. Rc8 Bxc4 38. Rxc7 Rxc7 39. Bxc7
Bxb5 40. Bxb6 Kg6 41. Bd4 f6 42. f4 Kf7 43. f5 Be2 44. Kf4 1/2-1/2

[Event "2. CLANSKA LIGA ZAHOD 2014"]
[Site "Ljubljana"]
[Date "2014.10.17"]
[Round "1.3"]
[White "Baric, Dusan"]
[Black "Kocevar, Tugomir"]
[Result "1-0"]
[WhiteElo "2058"]
[BlackElo "2006"]
[PlyCount "73"]
[EventDate "2014.10.17"]
[WhiteTeam "SD STARI TRG PRI KOLPI"]
[BlackTeam "SD RADOVLJICA"]

1. e4 d5 2. exd5 Qxd5 3. Nf3 Bg4 4. Be2 Nc6 5. Nc3 Qh5 6. d3 e5 7. O-O O-O-O 8.
h3 Bxf3 9. Bxf3 Qg6 10. Qe2 Nd4 11. Qd1 f5 12. Be3 Nf6 13. Bxd4 exd4 14. Ne2
Bc5 15. Qd2 Rhe8 16. Rfe1 Bb6 17. a4 h6 18. b4 c6 19. a5 Bc7 20. a6 b6 21. Bxc6
Re6 22. b5 Qg5 23. Qxg5 hxg5 24. Ng3 Rxe1+ 25. Rxe1 Bxg3 26. fxg3 Nd5 27. Re5
Nb4 28. Bb7+ Kc7 29. Rxf5 Nxc2 30. Rxg5 Rd7 31. Rg6 Ne3 32. Rc6+ Kd8 33. Rc8+
Ke7 34. Bc6 Rd6 35. Rc7+ Kf8 36. Rxa7 Rf6 37. Bf3 1-0

[Event "2. CLANSKA LIGA ZAHOD 2014"]
[Site "Ljubljana"]
[Date "2014.10.17"]
[Round "1.4"]
[White "Krivec, Metod"]
[Black "Kobe, Uros"]
[Result "0-1"]
[WhiteElo "1864"]
[BlackElo "2119"]
[PlyCount "83"]
[EventDate "2014.10.17"]
[WhiteTeam "SD RADOVLJICA"]
[BlackTeam "SD STARI TRG PRI KOLPI"]

1. d4 Nf6 2. c4 g6 3. Nc3 d5 4. cxd5 Nxd5 5. e4 Nxc3 6. bxc3 Bg7 7. Be3 c5 8.
Qd2 Qa5 9. Rb1 Be6 10. Rxb7 O-O 11. Rb5 Qa3 12. Rxc5 Nd7 13. Rb5 a6 14. Rb1
Rab8 15. Rc1 Bxa2 16. Bd3 Rb2 17. Qd1 f5 18. exf5 Nc5 19. fxg6 Bb3 20. Bc2 Rxc2
21. gxh7+ Kh8 22. Rxc2 Qa4 23. dxc5 Bxc3+ 24. Bd2 Bg7 25. Nf3 Bxc2 26. Qc1 Qe4+
27. Be3 Bc3+ 28. Nd2 Qd3 29. h4 Rb8 30. Bd4+ Bxd4 31. Rh3 Qf5 32. Rf3 Qxc5 33.
Qa3 Bxf2+ 34. Ke2 Qxa3 35. Rxa3 Bxh4 36. Rxa6 Kxh7 37. Re6 Bf5 38. Re5 e6 39.
Nf3 Bf6 40. Rc5 Rb2+ 41. Ke3 Rxg2 42. Nh4 0-1

[Event "2. CLANSKA LIGA ZAHOD 2014"]
[Site "Ljubljana"]
[Date "2014.10.17"]
[Round "1.5"]
[White "Bedic, Slavko"]
[Black "Torkar, Boris"]
[Result "1-0"]
[WhiteElo "1943"]
[BlackElo "1876"]
[PlyCount "69"]
[EventDate "2014.10.17"]
[WhiteTeam "SD STARI TRG PRI KOLPI"]
[BlackTeam "SD RADOVLJICA"]

1. c4 c6 2. Nc3 Nf6 3. Nf3 d5 4. e3 Bg4 5. Be2 e6 6. d4 Bd6 7. O-O O-O 8. h3
Bh5 9. a3 Nbd7 10. b4 Re8 11. b5 c5 12. Bb2 dxc4 13. Rc1 Qe7 14. a4 Rac8 15. d5
e5 16. e4 Bg6 17. Nd2 h6 18. f3 Nh5 19. Nxc4 Nf4 20. Kh2 Nf8 21. g3 Nh5 22. f4
exf4 23. Bxh5 fxg3+ 24. Kg1 g2 25. Rf2 Bg3 26. Rxg2 Bf4 27. Rcc2 Bxe4 28. Nxe4
Ng6 29. Rce2 Qh4 30. Bxg6 Rxe4 31. Bxe4 g5 32. Bf5 Rf8 33. d6 Bg3 34. d7 Qxc4
35. d8=Q 1-0

[Event "2. CLANSKA LIGA ZAHOD 2014"]
[Site "Ljubljana"]
[Date "2014.10.17"]
[Round "1.6"]
[White "Pretnar, Bostjan"]
[Black "Danculovic, Jovica"]
[Result "0-1"]
[WhiteElo "1727"]
[BlackElo "1966"]
[PlyCount "113"]
[EventDate "2014.10.17"]
[WhiteTeam "SD RADOVLJICA"]
[BlackTeam "SD STARI TRG PRI KOLPI"]

1. d4 d5 2. Nf3 c6 3. e3 Nf6 4. Bd3 e6 5. Nbd2 Nbd7 6. b3 Bd6 7. Bb2 O-O 8. O-O
Re8 9. Ne5 Qe7 10. f4 Nf8 11. Qf3 N6d7 12. g4 f6 13. Nxd7 Bxd7 14. Rae1 f5 15.
gxf5 exf5 16. Qh3 g6 17. a4 a5 18. c4 Bb4 19. Qg2 b6 20. cxd5 Bxd2 21. Qxd2
cxd5 22. Kf2 Qh4+ 23. Kg1 Qe7 24. Kf2 Rec8 25. Rc1 h6 26. Rxc8 Rxc8 27. Rc1 Nh7
28. Kg1 Nf6 29. Rxc8+ Bxc8 30. h3 Ne4 31. Qc2 Bb7 32. Bxe4 fxe4 33. Bc3 Qc7 34.
Qd2 Bc8 35. Kg2 Qd7 36. b4 Qxh3+ 37. Kg1 Qg3+ 38. Qg2 Qxe3+ 39. Kh1 Kf7 40. Bd2
Qxd4 41. bxa5 bxa5 42. Bxa5 Qxa4 43. Bc7 Qd1+ 44. Kh2 e3 45. f5 Bxf5 46. Bg3
Qd2 47. Bf4 Qd4 48. Bxh6 Qh4+ 49. Kg1 Qxh6 50. Qxd5+ Be6 51. Qf3+ Kg8 52. Qa8+
Qf8 53. Qe4 Qf2+ 54. Kh1 Qf1+ 55. Kh2 Qh3+ 56. Kg1 Qg4+ 57. Qxg4 0-1

[Event "2. CLANSKA LIGA ZAHOD 2014"]
[Site "Ljubljana"]
[Date "2014.10.18"]
[Round "2.1"]
[White "Krumpak, Hinko"]
[Black "Bajzelj, Primoz"]
[Result "1/2-1/2"]
[WhiteElo "2140"]
[BlackElo "2049"]
[PlyCount "104"]
[EventDate "2014.10.18"]
[WhiteTeam "SK VISNJA GORA - STICNA"]
[BlackTeam "SD RADOVLJICA"]

1. g3 d5 2. Bg2 Nf6 3. d3 c6 4. Nd2 e6 5. Ngf3 Bd6 6. e4 Nbd7 7. O-O O-O 8. Re1
Qc7 9. Qe2 dxe4 10. dxe4 e5 11. Nc4 Bc5 12. Nfd2 Re8 13. Nb3 Bf8 14. a4 b6 15.
Ne3 Nc5 16. Nxc5 Bxc5 17. Rd1 a5 18. Bd2 Ba6 19. Qe1 Bxe3 20. Qxe3 h6 21. h3
Rad8 22. Bc3 Nd7 23. b4 axb4 24. Bxb4 Nf8 25. Rxd8 Qxd8 26. a5 bxa5 27. Bxa5
Qc8 28. Qc5 Qe6 29. Rd1 Qc4 30. Qxc4 Bxc4 31. Rd6 Rc8 32. h4 c5 33. Bc3 f6 34.
Bh3 Re8 35. Rc6 Ne6 36. Ba5 Kf7 37. Bb6 Bb5 38. Bxe6+ Rxe6 39. Rc7+ Kg6 40.
Bxc5 Rc6 41. Rxc6 Bxc6 42. f3 f5 43. exf5+ Kxf5 44. Kf2 h5 45. Bf8 g6 46. Ke3
Bd5 47. Bh6 Bc6 48. c4 Ke6 49. g4 Bb7 50. gxh5 gxh5 51. f4 exf4+ 52. Bxf4 Kd7
1/2-1/2

[Event "2. CLANSKA LIGA ZAHOD 2014"]
[Site "Ljubljana"]
[Date "2014.10.18"]
[Round "2.2"]
[White "Anakiev, Dimitar"]
[Black "Sotirov, Pavle"]
[Result "1-0"]
[WhiteElo "2042"]
[BlackElo "1867"]
[PlyCount "79"]
[EventDate "2014.10.18"]
[WhiteTeam "SD RADOVLJICA"]
[BlackTeam "SK VISNJA GORA - STICNA"]

1. Nf3 Nf6 2. g3 g6 3. Bg2 Bg7 4. O-O O-O 5. c4 c5 6. Nc3 Nc6 7. a3 e6 8. e4 e5
9. d3 d6 10. Rb1 Bg4 11. h3 Be6 12. b4 b6 13. b5 Nd4 14. Nxd4 cxd4 15. Na2 Qc8
16. Kh2 Rb8 17. Nb4 h6 18. a4 Kh7 19. Ra1 Nd7 20. a5 Nc5 21. Bb2 f6 22. h4 Rb7
23. h5 g5 24. Bc1 Bg4 25. Bf3 Bxf3 26. Qxf3 Nb3 27. Ra3 Nxa5 28. Bd2 Rbf7 29.
g4 Qc5 30. Rfa1 Kg8 31. Nd5 Nxc4 32. dxc4 Qxc4 33. Rxa7 Re8 34. Rxf7 Kxf7 35.
Ra7+ Kg8 36. Rxg7+ Kxg7 37. Qxf6+ Kg8 38. Qg6+ Kf8 39. Qxh6+ Kf7 40. Qf6+ 1-0

[Event "2. CLANSKA LIGA ZAHOD 2014"]
[Site "Ljubljana"]
[Date "2014.10.18"]
[Round "2.3"]
[White "Perovsek, Milan"]
[Black "Kocevar, Tugomir"]
[Result "1/2-1/2"]
[WhiteElo "1812"]
[BlackElo "2006"]
[PlyCount "95"]
[EventDate "2014.10.18"]
[WhiteTeam "SK VISNJA GORA - STICNA"]
[BlackTeam "SD RADOVLJICA"]

1. e4 d5 2. exd5 Qxd5 3. Nc3 Qa5 4. d4 Nf6 5. Bd3 Bg4 6. Nge2 e6 7. Bd2 c6 8.
f3 Bh5 9. Ne4 Qd8 10. c3 Qb6 11. Nxf6+ gxf6 12. Qb3 Bg6 13. Nf4 Bd6 14. Bc2 e5
15. Ne2 Nd7 16. O-O-O O-O-O 17. Bh6 Rhg8 18. g3 f5 19. Qxb6 axb6 20. dxe5 Nxe5
21. Nd4 Kc7 22. Bxf5 Bxf5 23. Nxf5 f6 24. Rhf1 Rd7 25. Bf4 b5 26. Nxd6 Rxd6 27.
Bxe5 fxe5 28. Rfe1 Rxd1+ 29. Kxd1 Kd6 30. Re4 h5 31. Ke2 Kd5 32. Ke3 c5 33. f4
exf4+ 34. Rxf4 Rg5 35. Kf3 Ke6 36. h3 Rd5 37. Re4+ Kf6 38. g4 Rd3+ 39. Re3 Rd2
40. Re2 Rd3+ 41. Kg2 hxg4 42. hxg4 Kg5 43. Kf2 Kxg4 44. Ke1 Kf4 45. Re7 Re3+
46. Rxe3 Kxe3 47. Kd1 Kd3 48. a3 1/2-1/2

[Event "2. CLANSKA LIGA ZAHOD 2014"]
[Site "Ljubljana"]
[Date "2014.10.18"]
[Round "2.4"]
[White "Krivec, Metod"]
[Black "Lesjak, Damjan"]
[Result "0-1"]
[WhiteElo "1864"]
[BlackElo "1815"]
[PlyCount "78"]
[EventDate "2014.10.18"]
[WhiteTeam "SD RADOVLJICA"]
[BlackTeam "SK VISNJA GORA - STICNA"]

1. d4 d5 2. c4 e6 3. Nc3 Nf6 4. Nf3 h6 5. Qc2 c5 6. e3 Nc6 7. dxc5 Bxc5 8. a3
a5 9. b3 O-O 10. Bb2 b6 11. Rd1 Ne7 12. Be2 Bb7 13. O-O Qb8 14. Nb5 Ng6 15. Bd3
dxc4 16. bxc4 Ng4 17. e4 Nh4 18. e5 Nxf3+ 19. gxf3 Nxe5 20. Be4 Nxf3+ 21. Kg2
Ng5 22. Bxb7 Qxb7+ 23. f3 Rad8 24. Rde1 Rd7 25. Qc3 f6 26. h4 Rfd8 27. hxg5
Rd2+ 28. Kg3 Qb8+ 29. Re5 fxe5 30. Kh3 R8d3 31. Qxe5 Qxe5 32. Bxe5 Re2 33. Bf4
hxg5 34. Bxg5 e5 35. Kg4 g6 36. Bc1 e4 37. fxe4 Rxe4+ 38. Kg5 Rg3+ 39. Kf6 Be7#
0-1

[Event "2. CLANSKA LIGA ZAHOD 2014"]
[Site "Ljubljana"]
[Date "2014.10.18"]
[Round "2.5"]
[White "Marek, Ivan"]
[Black "Torkar, Boris"]
[Result "0-1"]
[WhiteElo "1822"]
[BlackElo "1876"]
[PlyCount "66"]
[EventDate "2014.10.18"]
[WhiteTeam "SK VISNJA GORA - STICNA"]
[BlackTeam "SD RADOVLJICA"]

1. e4 d5 2. exd5 Qxd5 3. Nf3 Bg4 4. Be2 Nf6 5. Nc3 Qd8 6. d4 e6 7. Bg5 Be7 8.
Qd3 c6 9. O-O O-O 10. Nh4 h6 11. Bxf6 Bxe2 12. Nxe2 Bxf6 13. Nf3 Nd7 14. Rad1
Qc7 15. Ng3 g6 16. Qe3 Bg7 17. Rfe1 Nf6 18. Ne5 Rad8 19. c3 Qe7 20. Rd2 Nd5 21.
Qe4 c5 22. Red1 cxd4 23. cxd4 Rc8 24. h4 h5 25. Qf3 Qxh4 26. Ne4 Qf4 27. Qxf4
Nxf4 28. Nd6 Rc7 29. Nb5 Rcc8 30. a3 a6 31. Nd6 Rc7 32. Nec4 Rd8 33. g3 Nd5 0-1

[Event "2. CLANSKA LIGA ZAHOD 2014"]
[Site "Ljubljana"]
[Date "2014.10.18"]
[Round "2.6"]
[White "Pretnar, Bostjan"]
[Black "Sotirov, Slavko"]
[Result "1-0"]
[WhiteElo "1727"]
[BlackElo "1578"]
[PlyCount "95"]
[EventDate "2014.10.18"]
[WhiteTeam "SD RADOVLJICA"]
[BlackTeam "SK VISNJA GORA - STICNA"]

1. d4 d5 2. Nf3 h6 3. e3 Nf6 4. Bd3 Bg4 5. h3 Bh5 6. g4 Bg6 7. Bxg6 fxg6 8. Qd3
Nc6 9. Qxg6+ Kd7 10. Nc3 e6 11. Ne5+ Nxe5 12. dxe5 Nh7 13. h4 Qe8 14. Qd3 c6
15. Bd2 Bc5 16. Ne4 Be7 17. O-O-O Kc7 18. Ng3 Nf8 19. h5 Nd7 20. f4 a5 21. c4
b6 22. cxd5 exd5 23. Kb1 Kb7 24. Rc1 Nc5 25. Qc2 Qd7 26. Rcg1 Rac8 27. Bc3 Rhg8
28. Bd4 Na6 29. Qf5 Qc7 30. Rc1 Rcf8 31. Qg6 c5 32. Nf5 Qd7 33. e6 Qd8 34. Bxg7
Nc7 35. Nxe7 Qxe7 36. Bxf8 Qxf8 37. e7 Qc8 38. Qf7 Re8 39. g5 Qd7 40. Qg6 Rxe7
41. Qxh6 Qf5+ 42. Ka1 Rxe3 43. Qf6 Qe4 44. h6 Ne8 45. Qf7+ Ka6 46. h7 Nd6 47.
Qf8 Nc4 48. h8=Q 1-0

[Event "2. CLANSKA LIGA ZAHOD 2014"]
[Site "Ljubljana"]
[Date "2014.10.18"]
[Round "2.2"]
[White "Juranic, Bruno"]
[Black "Vandersmissen, Mathieu"]
[Result "1/2-1/2"]
[WhiteElo "2170"]
[BlackElo "2117"]
[PlyCount "122"]
[EventDate "2014.10.18"]
[WhiteTeam "SD STARI TRG OB KOLPI"]
[BlackTeam "SD POSOCJE"]

1. e4 e5 2. Nf3 Nc6 3. Bc4 Nf6 4. d4 exd4 5. e5 d5 6. Bb5 Ne4 7. Nxd4 Bd7 8.
Bxc6 bxc6 9. O-O Bc5 10. f3 Ng5 11. f4 Ne4 12. Be3 O-O 13. Nd2 Nxd2 14. Qxd2 f6
15. Nb3 Bb6 16. Bc5 fxe5 17. fxe5 Qe7 18. Qd4 Qg5 19. Kh1 Rf5 20. Rae1 Raf8 21.
Qd3 Re8 22. Qg3 h6 23. Qxg5 Rxg5 24. e6 Rxe6 25. Rf8+ Kh7 26. Rxe6 Bxe6 27. Re8
Bf5 28. Re2 Rg4 29. h3 Rc4 30. Bxb6 cxb6 31. c3 Rf4 32. Nd4 c5 33. Nc6 a5 34.
Ne7 Be4 35. Kh2 Rf7 36. Nc8 Rf6 37. g4 Kg6 38. Ne7+ Kg5 39. Nxd5 Rd6 40. Rxe4
Rxd5 41. Re2 Kh4 42. Kg2 Rd3 43. Re7 Rxh3 44. Rxg7 Rg3+ 45. Kh2 Rxg4 46. Rb7
Rg6 47. a3 c4 48. Rd7 b5 49. Rd5 Rg5 50. Rd6 Kh5 51. Rd4 a4 52. Rd2 Kg4 53. Kg2
Kf4+ 54. Kf2 h5 55. Rd4+ Ke5 56. Rd8 h4 57. Rh8 Ke4 58. Rxh4+ Kd3 59. Rh2 Kc2
60. Ke3+ Kb3 61. Kd4 Rf5 1/2-1/2

[Event "2. CLANSKA LIGA ZAHOD 2014"]
[Site "Ljubljana"]
[Date "2014.10.18"]
[Round "2.3"]
[White "Raspor, Gregor"]
[Black "Baric, Dusan"]
[Result "0-1"]
[WhiteElo "2068"]
[BlackElo "2058"]
[PlyCount "68"]
[EventDate "2014.10.18"]
[WhiteTeam "SD POSOCJE"]
[BlackTeam "SD STARI TRG OB KOLPI"]

1. d4 Nf6 2. c4 g6 3. Nf3 Bg7 4. g3 c5 5. d5 d6 6. Bg2 Bd7 7. Nc3 Na6 8. O-O
O-O 9. e4 Nc7 10. a4 a6 11. a5 Rb8 12. e5 Nfe8 13. Re1 Bg4 14. Bf4 b5 15. axb6
Rxb6 16. Ra2 dxe5 17. Bxe5 Bxe5 18. Rxe5 Nf6 19. Na4 Nd7 20. Re4 Bxf3 21. Qxf3
Rb4 22. Qe3 e6 23. dxe6 Nxe6 24. Bh3 Nf6 25. Rxe6 fxe6 26. Nxc5 Re8 27. Nxa6
Qd1+ 28. Kg2 Rb3 29. Qf4 Rf8 30. Bxe6+ Kg7 31. Qc7+ Kh6 32. Qf4+ g5 33. Qe5
Qf3+ 34. Kh3 Ne4 0-1

[Event "2. CLANSKA LIGA ZAHOD 2014"]
[Site "Ljubljana"]
[Date "2014.10.18"]
[Round "2.4"]
[White "Kobe, Uros"]
[Black "Ursic, Mateja"]
[Result "1-0"]
[WhiteElo "2119"]
[BlackElo "2034"]
[PlyCount "77"]
[EventDate "2014.10.18"]
[WhiteTeam "SD STARI TRG OB KOLPI"]
[BlackTeam "SD POSOCJE"]

1. e4 e5 2. Nf3 Nc6 3. Bb5 a6 4. Ba4 Nf6 5. O-O b5 6. Bb3 Bc5 7. Nxe5 Nxe5 8.
d4 Bxd4 9. Qxd4 d6 10. f4 c5 11. Qd1 Neg4 12. c4 Bb7 13. Nc3 O-O 14. h3 b4 15.
Nd5 Nxd5 16. exd5 Nf6 17. Re1 Re8 18. Bc2 Qc7 19. Ba4 Re4 20. Rxe4 Nxe4 21. f5
Qe7 22. Qf3 Qe5 23. Rb1 Ng3 24. Bd2 Qxf5 25. Re1 Qxf3 26. gxf3 Nf5 27. Bd7 Nd4
28. Kf2 Rd8 29. Ba4 Kf8 30. Re4 f5 31. Re1 Bc8 32. Bg5 Bd7 33. Bxd8 Bxa4 34.
Be7+ Kf7 35. Bxd6 Nc2 36. Re7+ Kf6 37. Bxc5 b3 38. axb3 Bxb3 39. Rc7 1-0

[Event "2. CLANSKA LIGA ZAHOD 2014"]
[Site "Ljubljana"]
[Date "2014.10.18"]
[Round "2.5"]
[White "Ursic, Jakob"]
[Black "Bedic, Slavko"]
[Result "0-1"]
[WhiteElo "1952"]
[BlackElo "1943"]
[PlyCount "114"]
[EventDate "2014.10.18"]
[WhiteTeam "SD POSOCJE"]
[BlackTeam "SD STARI TRG OB KOLPI"]

1. e4 c5 2. c3 d6 3. d4 cxd4 4. cxd4 Nf6 5. Nc3 g6 6. Nf3 Bg7 7. Bd3 O-O 8. O-O
Nc6 9. Bf4 Bg4 10. Be2 Qb6 11. d5 Bxf3 12. Bxf3 Nd4 13. b3 Rac8 14. Rc1 Nxf3+
15. Qxf3 Nd7 16. Ne2 Bb2 17. Bh6 Ne5 18. Qh3 Rxc1 19. Nxc1 Rd8 20. Bg5 Qc7 21.
Ne2 Qd7 22. Qg3 Rc8 23. Rb1 Rc2 24. Qe3 Qg4 25. Kf1 f6 26. Bf4 Qc8 27. Nd4 Bxd4
28. Qxd4 Rxa2 29. Rc1 Rc2 30. Rb1 a6 31. Rd1 Qc5 32. Qxc5 Rxc5 33. Ke1 Rc3 34.
Bxe5 fxe5 35. Rb1 Rc2 36. Kf1 Kf7 37. g3 a5 38. Kg2 g5 39. h3 h5 40. Kf3 Ke8
41. Ke3 Kd7 42. h4 g4 43. f4 Rc3+ 44. Kf2 Rf3+ 45. Kg2 exf4 46. gxf4 Rxf4 47.
b4 a4 48. Re1 b5 49. e5 dxe5 50. Rxe5 a3 51. d6 Kxd6 52. Rxb5 e5 53. Ra5 Rf3
54. b5 Rb3 55. b6 Rb2+ 56. Kg3 a2 57. b7 Kc7 0-1

[Event "2. CLANSKA LIGA ZAHOD 2014"]
[Site "Ljubljana"]
[Date "2014.10.18"]
[Round "2.6"]
[White "Danculovic, Jovica"]
[Black "Hozjan, Erik"]
[Result "1/2-1/2"]
[WhiteElo "1966"]
[BlackElo "1848"]
[PlyCount "86"]
[EventDate "2014.10.18"]
[WhiteTeam "SD STARI TRG OB KOLPI"]
[BlackTeam "SD POSOCJE"]

1. e4 c5 2. c3 d5 3. exd5 Qxd5 4. d4 Nf6 5. Nf3 Bg4 6. Be2 e6 7. O-O Nc6 8. h3
Bh5 9. Be3 Rd8 10. dxc5 Qxd1 11. Rxd1 Rxd1+ 12. Bxd1 Ne4 13. b4 Be7 14. g4 Bg6
15. Nfd2 Bf6 16. Nxe4 Bxe4 17. g5 Be5 18. f4 Bxb1 19. fxe5 Bf5 20. Ba4 Ke7 21.
Bxc6 bxc6 22. h4 Rd8 23. Bd4 a5 24. a3 a4 25. Kf2 Bd3 26. Ke3 Bc4 27. Rh1 Rh8
28. Kf4 h6 29. Rg1 hxg5+ 30. Kxg5 g6 31. Be3 Rh5+ 32. Kf4 Rxh4+ 33. Kg3 Re4 34.
Bg5+ Kd7 35. Rd1+ Bd5 36. Bf4 Kc8 37. Rd4 Kb7 38. Rxe4 Bxe4 39. Kf2 Ka6 40. Ke3
Bd5 41. Kd4 Kb5 42. Ke3 Be4 43. Kd4 Bd5 1/2-1/2

[Event "2. CLANSKA LIGA ZAHOD 2014"]
[Site "Ljubljana"]
[Date "2014.10.18"]
[Round "2.2"]
[White "Drobnic, Milan"]
[Black "Grein, Bogomir"]
[Result "1/2-1/2"]
[WhiteElo "1856"]
[BlackElo "1778"]
[PlyCount "63"]
[EventDate "2014.10.18"]
[WhiteTeam "SK LOSKA DOLINA"]
[BlackTeam "SD PIRAN"]

1. c4 d6 2. g3 c6 3. Bg2 Qc7 4. Nc3 e5 5. Nf3 Be7 6. O-O Nf6 7. d3 Nbd7 8. Rb1
Rb8 9. b4 O-O 10. a4 b6 11. Bd2 Re8 12. Qb3 Nf8 13. Rfc1 h6 14. b5 c5 15. Qa3
Bb7 16. Nh4 Ne6 17. Nf5 Bf8 18. Bxb7 Qxb7 19. e4 Kh7 20. Kg2 g6 21. Ne3 Nd4 22.
Ned5 Bg7 23. Be3 Ne6 24. Nxf6+ Bxf6 25. Nd5 Bg7 26. a5 Nc7 27. Nxc7 Qxc7 28.
Ra1 f5 29. f3 f4 30. Bd2 g5 31. g4 Kg6 32. a6 1/2-1/2

[Event "2. CLANSKA LIGA ZAHOD 2014"]
[Site "Ljubljana"]
[Date "2014.10.18"]
[Round "2.3"]
[White "Brecevic, Liam"]
[Black "Stanic, Vitko"]
[Result "1/2-1/2"]
[WhiteElo "1621"]
[BlackElo "1794"]
[PlyCount "51"]
[EventDate "2014.10.18"]
[WhiteTeam "SD PIRAN"]
[BlackTeam "SK LOSKA DOLINA"]

1. d4 d5 2. c4 Nf6 3. Nc3 e6 4. e3 Be7 5. cxd5 exd5 6. Bd3 O-O 7. Nge2 Nbd7 8.
O-O Re8 9. Qc2 Nf8 10. h3 c6 11. Ng3 Bd6 12. Bd2 g6 13. a3 Qc7 14. Kh1 Bxg3 15.
fxg3 Nh5 16. Ne2 Nxg3+ 17. Nxg3 Qxg3 18. Rf3 Qc7 19. b4 a6 20. Rc1 Qe7 21. b5
axb5 22. Bb4 Qg5 23. Rff1 f5 24. Bd2 Qe7 25. Bb4 Qg5 26. Bd2 1/2-1/2

[Event "2. CLANSKA LIGA ZAHOD 2014"]
[Site "Ljubljana"]
[Date "2014.10.18"]
[Round "2.4"]
[White "Bavec, Vinko"]
[Black "Gasparic, Stojan"]
[Result "1-0"]
[WhiteElo "1644"]
[BlackElo "1511"]
[PlyCount "81"]
[EventDate "2014.10.18"]
[WhiteTeam "SK LOSKA DOLINA"]
[BlackTeam "SD PIRAN"]

1. d4 Nf6 2. c4 c5 3. Nf3 g6 4. Nc3 cxd4 5. Nxd4 Bg7 6. e3 O-O 7. Be2 d6 8. O-O
a6 9. Nf3 Nbd7 10. h3 Nc5 11. Bd2 Bf5 12. Nd4 Bd7 13. Qc2 Rb8 14. Rac1 e5 15.
Nf3 Rc8 16. b4 Bf5 17. Qd1 Nd3 18. Bxd3 Bxd3 19. Re1 e4 20. Nd4 Rxc4 21. a3 Qb8
22. Nce2 d5 23. Rxc4 dxc4 24. Nf4 Rd8 25. Bc3 b5 26. Nc6 Qc7 27. Nxd8 Qxd8 28.
Qa1 Ne8 29. Bxg7 Nxg7 30. Qc3 g5 31. Ne2 Nf5 32. Nd4 Nxd4 33. exd4 Qd5 34. Ra1
Kg7 35. a4 f5 36. axb5 axb5 37. Ra7+ Kg6 38. Qa1 f4 39. Qa6+ Kf5 40. Qc8+ Qe6
41. Rf7+ 1-0

[Event "2. CLANSKA LIGA ZAHOD 2014"]
[Site "Ljubljana"]
[Date "2014.10.18"]
[Round "2.5"]
[White "Ploc, Albert"]
[Black "Drobnic, Simona"]
[Result "1-0"]
[WhiteElo "1500"]
[BlackElo "1427"]
[PlyCount "51"]
[EventDate "2014.10.18"]
[WhiteTeam "SD PIRAN"]
[BlackTeam "SK LOSKA DOLINA"]

1. e4 d6 2. Bc4 Nf6 3. Nc3 Nbd7 4. Nf3 e5 5. O-O Be7 6. d4 O-O 7. h3 c6 8. Bg5
exd4 9. Nxd4 Ne5 10. Bb3 a5 11. a4 Qc7 12. Re1 c5 13. Bxf6 cxd4 14. Nd5 Qc5 15.
Bxe7 Re8 16. Bh4 Ra7 17. Bg3 Nc6 18. Qh5 Ne5 19. Bxe5 Rxe5 20. Qf3 Be6 21. Ne7+
Kf8 22. Nd5 Bxd5 23. exd5 Rxe1+ 24. Rxe1 Qc8 25. Qe4 Qd8 26. Qxh7 1-0

[Event "2. CLANSKA LIGA ZAHOD 2014"]
[Site "Ljubljana"]
[Date "2014.10.18"]
[Round "2.6"]
[White "Drobnic, Rok"]
[Black "Debevec, Katarina"]
[Result "0-1"]
[WhiteElo "1189"]
[BlackElo "1500"]
[PlyCount "56"]
[EventDate "2014.10.18"]
[WhiteTeam "SK LOSKA DOLINA"]
[BlackTeam "SD PIRAN"]

1. e4 c5 2. Nf3 Nc6 3. d4 cxd4 4. Nxd4 e5 5. Nxc6 bxc6 6. Bc4 Nf6 7. Nc3 h6 8.
O-O Bc5 9. Qe2 O-O 10. Be3 Bxe3 11. Qxe3 Qc7 12. Rad1 Rd8 13. Qc5 d6 14. Qe3
Bb7 15. a3 d5 16. exd5 cxd5 17. Ba2 d4 18. Nb5 dxe3 19. Nxc7 exf2+ 20. Kxf2
Rac8 21. Rxd8+ Rxd8 22. Bb3 Rd7 23. Nb5 Ba6 24. a4 Rd2+ 25. Kf3 Bb7+ 26. Ke3
Rxg2 27. Rd1 Ng4+ 28. Kd3 Nf2+ 0-1

[Event "2. CLANSKA LIGA ZAHOD 2014"]
[Site "Ljubljana"]
[Date "2014.10.18"]
[Round "2.1"]
[White "Jukan, Nesib"]
[Black "Solmajer, Luka"]
[Result "1-0"]
[WhiteElo "2015"]
[BlackElo "2080"]
[PlyCount "58"]
[EventDate "2014.10.18"]
[WhiteTeam "SK TRZIN"]
[BlackTeam "SD KC LJUBLJANA"]

1. Nf3 d5 2. d4 c6 3. Bf4 Qb6 4. Qc1 Bf5 5. Nbd2 e6 6. c4 c5 7. cxd5 exd5 8.
dxc5 Bxc5 9. e3 Nc6 10. Bc7 Qxc7 11. Qxc5 Nf6 12. Nd4 Qe7 13. Qxe7+ Nxe7 14.
Rc1 Rc8 15. Bb5+ Bd7 16. Ke2 Nc6 17. N2f3 Ke7 18. Rhd1 Kd6 19. Bd3 Nb4 20. Bb1
Rxc1 21. Rxc1 h6 22. a3 Na6 23. b4 Nc7 24. Ne5 Rf8 25. Nxd7 Kxd7 26. Bd3 g6 27.
Rc5 a6 28. Rc2 Ne4 29. Nf3 Nb5 1-0